00426cam a22001577i 45000010009000000050017000090080041000260100017000670200018000840400023001020420010001250500023001351000040001582450047001983000023002452091435120251205111245.0190403s2018 ke 000 1 eng  a 2019350196 a9780195747300 aDLCbengerdacLCC alcode00aPR 9381.9.K66 20181 aKombani, Kinyanjui,d1981-eauthor.10aOf pawns and players /cKinyanjui Kombani. a187 pages ;c17 cm